LEADER 00884nam0-22002891i-450- 001 990001317860403321 035 $a000131786 035 $aFED01000131786 035 $a(Aleph)000131786FED01 035 $a000131786 100 $a20000920d1968----km-y0itay50------ba 101 0 $aeng 200 1 $a<>conjecture d'Artin sur les equations diophantiennes$fPaulo Ribenboim. 210 $aKingston [Ontario]$cQueen's University$d1968 215 $a163 p., 28 cm 225 1 $aQueen's papers in pure and applied mathematics$v14 610 0 $aEquazioni diofantee 676 $a512.72 700 1$aRibenboim,$bPaulo$f<1928- >$013070 801 0$aIT$bUNINA$gRICA$2UNIMARC 901 $aBK 912 $a990001317860403321 952 $aC-44-(14$b10159$fMA1 959 $aMA1 996 $aConjecture d'Artin sur les equations diophantiennes$9382647 997 $aUNINA DB $aING01 LEADER 02448oas 2200865 a 450 001 9910263856203321 005 20251105213014.0 011 $a1521-0685 035 $a(DE-599)ZDB2019678-7 035 $a(DE-599)2019678-7 035 $a(OCoLC)41972755 035 $a(CONSER) 00238790 035 $a(CKB)954925268313 035 $a(EXLCZ)99954925268313 100 $a19990728a19799999 uy a 101 0 $aeng 135 $aurmnu|||||||| 181 $ctxt$2rdacontent 182 $cc$2rdamedia 183 $acr$2rdacarrier 200 00$aReading psychology 210 $a[London] $cTaylor & Francis 210 3 $aPhiladelphia, PA $cRoutledge 215 $a1 online resource (volumes) 300 $a"An international tri-annual in association with the Pupil Appraisal Center, College of Education, North Texas State University." 311 08$a0270-2711 517 1 $aRP 606 $aReading, Psychology of$vPeriodicals 606 $aLecture$3(CaQQLa)201-0015829$xPsychologie$3(CaQQLa)201-0015829$vPe?riodiques$3(CaQQLa)201-0378307 606 $aReading, Psychology of$2fast$3(OCoLC)fst01090844 606 $aReading, Psychology of$vPeriodicals$2nli 606 $aAlphabe?tisme$2rasuqam 606 $aCompre?hension de la lecture$2rasuqam 606 $aLecture$2rasuqam 606 $aPsychologie$2rasuqam 608 $aPeriodicals.$2fast 608 $aPeriodicals.$2lcgft 608 $aPe?riodique e?lectronique (Descripteur de forme)$2rasuqam 608 $aRessource Internet (Descripteur de forme)$2rasuqam 615 0$aReading, Psychology of 615 6$aLecture$xPsychologie 615 7$aReading, Psychology of. 615 7$aReading, Psychology of 615 7$aAlphabe?tisme. 615 7$aCompre?hension de la lecture. 615 17$aLecture. 615 7$aPsychologie. 676 $a153 801 0$bF#A 801 1$bF#A 801 2$bIUL 801 2$bOCLCQ 801 2$bUQ1 801 2$bNSD 801 2$bUKMGB 801 2$bDLC 801 2$bOCLCQ 801 2$bOCLCF 801 2$bOCLCQ 801 2$bNLE 801 2$bEZC 801 2$bVT2 801 2$bDLC 801 2$bSFB 801 2$bCNMTR 801 2$bDYJ 801 2$bOCLCQ 801 2$bUAB 801 2$bCUS 801 2$bOCLCL 801 2$bOCLCQ 906 $aJOURNAL 912 $a9910263856203321 996 $aReading psychology$92137893 997 $aUNINA